[Event "21e tournoi 1hKO"]
[Site "Montigny le Bretonneux"]
[Date "2017.05.25"]
[Round "2.9"]
[White "Benbakir, Ameur"]
[Black "Sondermeijer, Damien"]
[Result "0-1"]
[WhiteElo "1486"]
[BlackElo "1297"]
[Annotator "Rivier,Sylvain"]
[PlyCount "56"]
[EventDate "2017.??.??"]
[WhiteTeam "La Dame Noire"]
[BlackTeam "La Dame Noire"]

{Défense française, variante d'échange} 1. e4 e6 2. Nc3 d5 3. exd5 exd5 4.
d4 Nf6 5. Bd3 Nc6 6. Nge2 Bd6 7. Bg5 O-O 8. Nxd5 Be7 9. Nxe7+ Qxe7 10. c3 Re8
11. O-O Qe6 12. Re1 Qd6 13. Qc2 h6 14. Bh4 b6 15. Bg3 Qd7 16. Nf4 Bb7 17. Bf5
Qd8 18. Re2 Nd5 19. Rae1 Rxe2 20. Rxe2 Ndb4 21. Qb1 Nd5 22. Nxd5 Qxd5 23. Bxc7
Nxd4 24. Be4 Nxe2+ 25. Kh1 Qxe4 26. Qxe4 Bxe4 27. f3 Bd5 28. h3 Bxa2 0-1

[Event "21e tournoi 1hKO"]
[Site "Montigny le Bretonneux"]
[Date "2017.05.25"]
[Round "2.10"]
[White "Montay, Jean-Paul"]
[Black "Artieres, Michel"]
[Result "0-1"]
[WhiteElo "1343"]
[BlackElo "1753"]
[Annotator "Rivier,Sylvain"]
[PlyCount "60"]
[EventDate "2017.??.??"]
[WhiteTeam "La Dame Noire"]
[BlackTeam "La Dame Noire"]

{Défense vieille indienne, vairante ukrainienne} 1. c4 Nf6 2. Nc3 d6 3. g3 e5
4. Bg2 c6 5. d4 Nbd7 6. Nf3 Be7 7. O-O O-O 8. e3 Qc7 9. Re1 Re8 10. b4 Nf8 11.
c5 e4 12. Ng5 Bg4 13. Qc2 d5 14. b5 Qd7 15. f3 h6 16. fxg4 hxg5 17. h3 cxb5 18.
Rb1 a6 19. a4 b6 20. axb5 bxc5 21. dxc5 Bxc5 22. bxa6 Bd6 23. Qf2 Rxa6 24. Bf1
Ra5 25. Bb5 Qc7 26. Ne2 Rb8 27. Bd2 Raxb5 28. Rbc1 Rc5 29. Qf5 Rxc1 30. Rxc1
Qd7 0-1

[Event "21e tournoi 1hKO"]
[Site "Montigny le Bretonneux"]
[Date "2017.05.25"]
[Round "2.11"]
[White "Payot, Guillaume"]
[Black "Marchal, Gregory"]
[Result "0-1"]
[WhiteElo "1273"]
[BlackElo "1500"]
[Annotator "Rivier,Sylvain"]
[PlyCount "74"]
[EventDate "2017.??.??"]
[WhiteTeam "La Dame Noire"]
[BlackTeam "Club d'Echecs du Vesinet"]

{Gambit dame, défense Tarrasch} 1. d4 Nf6 2. c4 e6 3. Nf3 d5 4. Nc3 c5 5. e3
Nc6 6. cxd5 exd5 7. dxc5 Bxc5 8. Bd3 Bg4 9. O-O Ne5 10. Bb5+ Nc6 11. h3 Bxf3
12. Qxf3 O-O 13. Rd1 Qb6 14. a3 a6 15. Ba4 d4 16. Nd5 Nxd5 17. Qxd5 dxe3 18.
Bxe3 Bxe3 19. fxe3 Qxe3+ 20. Kh1 Rac8 21. Qd2 Qb6 22. Rac1 h6 23. Qd3 Rfd8 24.
Qf5 Rxd1+ 25. Rxd1 Rd8 26. Rf1 Qc7 27. Bc2 g6 28. Qf6 Rd6 29. Qh4 Kh7 30. Bb3
Ne5 31. Qe4 f6 32. h4 h5 33. Bc2 Qg7 34. Rd1 Rxd1+ 35. Bxd1 f5 36. Qd5 Ng4 37.
Bf3 f4 {suite illisible} 0-1

[Event "21e tournoi 1hKO"]
[Site "Montigny le Bretonneux"]
[Date "2017.05.25"]
[Round "2.12"]
[White "Trevisiol, Antoine"]
[Black "Sagon, Lancelot"]
[Result "0-1"]
[WhiteElo "1194"]
[BlackElo "1449"]
[Annotator "Rivier,Sylvain"]
[PlyCount "130"]
[EventDate "2017.??.??"]
[WhiteTeam "Maubuee-Gondoire Echecs"]
[BlackTeam "La Dame Noire"]

{Gambit dame} 1. d4 d5 2. c4 e6 3. Nc3 Nf6 4. Bg5 Be7 5. Nf3 Nc6 6. e3 O-O 7.
cxd5 exd5 8. Bxf6 Bxf6 9. Qb3 Ne7 10. Bd3 b6 11. O-O c5 12. dxc5 bxc5 13. Qc2
c4 14. Be2 Bf5 15. Qd2 Bxc3 16. Qxc3 Qb6 17. Nd4 Bg6 18. b3 cxb3 19. Qxb3 Rab8
20. Bf3 Be4 21. Bxe4 dxe4 22. Qc2 Qg6 23. Qc5 Nc8 24. Rab1 Qd6 25. Qc2 Rxb1 26.
Rxb1 Qd5 27. Rb8 Nb6 28. Rxf8+ Kxf8 29. h3 g6 30. Qb2 h5 31. Qa3+ Kg7 32. Qxa7
Nc4 33. a4 Qa5 34. Qxa5 Nxa5 35. Kf1 Kf6 36. Ke2 Ke5 37. Nc2 Kd5 38. Na3 Kc5
39. Nc2 Kc4 40. f3 exf3+ 41. Kxf3 Kb3 42. Nd4+ Kxa4 43. Kf4 Nc4 44. e4 Kb4 45.
Nf3 Kc5 46. Ne5 Nd6 47. Ke3 Nc4+ 48. Nxc4 Kxc4 49. Kf4 Kd4 50. e5 Kd5 51. g4
Ke6 52. g5 Kd7 53. h4 Ke6 54. Ke4 Kd7 55. Kd5 Ke7 56. e6 fxe6+ 57. Ke5 Kd7 58.
Kf6 e5 59. Kxg6 e4 60. Kf7 e3 61. g6 e2 62. g7 e1=Q 63. g8=Q Qe6+ 64. Kg7 Qxg8+
65. Kxg8 Ke6 0-1

[Event "21e tournoi 1hKO"]
[Site "Montigny le Bretonneux"]
[Date "2017.05.25"]
[Round "2.13"]
[White "Bouloc, Roger"]
[Black "Carbonero, Jean Marc"]
[Result "0-1"]
[WhiteElo "1446"]
[BlackElo "1136"]
[Annotator "Rivier,Sylvain"]
[PlyCount "93"]
[EventDate "2017.??.??"]
[WhiteTeam "La Dame Noire"]
[BlackTeam "Saint-Quentin en Yvelines"]

{Partie italienne} 1. e4 e5 2. Nf3 Nc6 3. Bc4 d6 4. d4 Bg4 5. c3 Qf6 6. Be3
Bxf3 7. Qxf3 Qxf3 8. gxf3 exd4 9. Bxd4 Nxd4 10. cxd4 O-O-O 11. Bxf7 Rd7 12.
Bxg8 Rxg8 13. Nd2 g6 14. O-O-O Bg7 15. Nb3 Re8 16. Kb1 Rf7 17. Rd3 Rd7 18. Rg1
Rde7 19. h4 Bh6 20. d5 Bf4 21. Nd4 Rg8 22. Ne6 Bh2 23. Rg2 Be5 24. h5 c6 25.
Rd1 Ree8 26. h6 c5 27. f4 Bf6 28. f3 c4 29. Rc1 b5 30. b3 c3 31. Re2 b4 32. e5
Be7 33. a3 a5 34. axb4 axb4 35. Ra2 Kd7 36. Ra7+ Kc8 37. Kc2 Kb8 38. Rca1 Rc8
39. Ra8+ Kb7 40. R1a7+ Kb6 41. Ra6+ Kb7 42. R8a7+ Kb8 43. Nd4 Rc7 44. Nc6+ Kc8
45. Ra8+ Kb7 46. R8a7+ Kc8 47. Nxe7+ {suite illisible} 0-1

[Event "21e tournoi 1hKO"]
[Site "Montigny le Bretonneux"]
[Date "2017.05.25"]
[Round "2.14"]
[White "Vo, Bao Nam"]
[Black "Sondermeijer, Antoine"]
[Result "0-1"]
[WhiteElo "1110"]
[BlackElo "1399"]
[Annotator "Rivier,Sylvain"]
[PlyCount "56"]
[EventDate "2017.??.??"]
[WhiteTeam "La Dame Noire"]
[BlackTeam "La Dame Noire"]

{Défense sicilienne} 1. e4 c5 2. Nc3 g6 3. Nf3 Bg7 4. Bc4 e6 5. O-O Ne7 6. e5
O-O 7. d4 cxd4 8. Qxd4 Nbc6 9. Qe4 Nxe5 10. Nxe5 d5 11. Bxd5 Nxd5 12. Nf3 Nxc3
13. bxc3 Bxc3 14. Bh6 Bg7 15. Bxg7 Kxg7 16. Qe5+ f6 17. Qc3 b6 18. Rad1 Qe7 19.
Rfe1 Bd7 20. Ng5 Rac8 21. Rxd7 Qxd7 22. Nxe6+ Kg8 23. Nxf8 Rxc3 24. Nxd7 Kf7
25. Re2 Ra3 26. c4 Rc3 27. Re4 Rc1+ 28. Re1 Rxe1# 0-1

[Event "21e tournoi 1hKO"]
[Site "Montigny le Bretonneux"]
[Date "2017.05.25"]
[Round "2.15"]
[White "Zareli, Youssef"]
[Black "Le Doussal, Steven"]
[Result "0-1"]
[WhiteElo "1009"]
[BlackElo "1353"]
[Annotator "Rivier,Sylvain"]
[PlyCount "62"]
[EventDate "2017.??.??"]
[WhiteTeam "La Dame Noire"]
[BlackTeam "La Dame Noire"]

{Défense française} 1. e4 e6 2. Bc4 Nc6 3. Nf3 Bc5 4. Nc3 Nge7 5. d4 Bb6 6.
d5 exd5 7. exd5 Nb4 8. a3 Na6 9. O-O O-O 10. Bg5 d6 11. Qe1 Qe8 12. Bb5 Bd7 13.
Bxd7 Qxd7 14. Bxe7 Rfe8 15. Qd1 Rxe7 16. Re1 Rae8 17. Qd2 Nc5 18. b4 Na4 19. b5
Nxc3 20. Qxc3 Qxb5 21. Qb3 Qc5 22. Rf1 Re2 23. Kh1 Rxf2 24. Rae1 Rxf1+ 25. Rxf1
Re2 26. Qd3 Qxc2 27. Qxc2 Rxc2 28. Re1 Kf8 29. Ng5 h6 30. Nh7+ Kg8 31. Re7 Rc1+
0-1

[Event "21e tournoi 1hKO"]
[Site "Montigny le Bretonneux"]
[Date "2017.05.25"]
[Round "2.16"]
[White "Tanchoux, Pierre"]
[Black "Marchal, Madeleine"]
[Result "1-0"]
[WhiteElo "1274"]
[BlackElo "1070"]
[Annotator "Rivier,Sylvain"]
[PlyCount "105"]
[EventDate "2017.??.??"]
[WhiteTeam "La Dame Noire"]
[BlackTeam "Club d'Echecs du Vesinet"]

{Partie italienne} 1. e4 e5 2. Nf3 Nc6 3. Bc4 Bc5 4. O-O d6 5. c3 Bg4 6. Be2
Bxf3 7. Bxf3 Nf6 8. d3 d5 9. Bg5 dxe4 10. dxe4 Qxd1 11. Rxd1 Nd7 12. Bg4 f6 13.
Bxd7+ Kf8 14. Bc1 Rd8 15. b4 Bb6 16. Ba3 Kf7 17. Rd5 Ke7 18. Bxc6 bxc6 19. Rxd8
Rxd8 20. b5+ Ke8 21. Kf1 cxb5 22. Ke2 c5 23. Nd2 Ba5 24. Bb2 b4 25. Rc1 Ke7 26.
Nc4 Bc7 27. cxb4 cxb4 28. Ne3 Ba5 29. Nd5+ Ke8 30. Nc7+ Kd7 31. Nb5 Ke7 32. Rd1
Rxd1 33. Kxd1 Bb6 34. f3 g5 35. h3 h5 36. Kc2 a6 37. Kb3 axb5 38. Kxb4 Ke6 39.
Kxb5 Be3 40. a4 f5 41. Kc6 fxe4 42. fxe4 h4 43. a5 Kf6 44. Kd5 g4 45. Bxe5+ Kg5
46. hxg4 Kxg4 47. Bh2 Bd2 48. a6 Be3 49. e5 Kf5 50. e6 Kf6 51. Kd6 Kg7 52. Kd7
Bg5 53. a7 1-0

[Event "21e tournoi 1hKO"]
[Site "Montigny le Bretonneux"]
[Date "2017.05.25"]
[Round "3.1"]
[White "Tornare, Michel"]
[Black "Hogrel, Nicolas"]
[Result "1-0"]
[WhiteElo "1835"]
[BlackElo "2008"]
[Annotator "Rivier,Sylvain"]
[PlyCount "58"]
[EventDate "2017.??.??"]
[WhiteTeam "C.S.M. Puteaux Echecs"]
[BlackTeam "La Dame Noire"]

{Défense est-indienne} 1. Nf3 Nf6 2. d4 g6 3. c4 Bg7 4. Nc3 O-O 5. Bg5 d6 6.
e3 c6 7. Be2 Nbd7 8. Qc2 Re8 9. O-O b6 10. h3 Bb7 11. Rfd1 Rc8 12. b4 Qc7 13.
Rac1 e6 14. a4 a6 15. Bf4 e5 16. dxe5 dxe5 17. Bg5 c5 18. b5 a5 19. Nd2 e4 20.
Bf4 Qd8 21. Nd5 Nxd5 22. cxd5 f5 23. Nc4 Bf8 24. Qb3 Qf6 25. d6 Kg7 26. Nxb6
Nxb6 27. d7 Nxd7 28. Rxd7+ Re7 29. Rcd1 Rc7 1-0

[Event "21e tournoi 1hKO"]
[Site "Montigny le Bretonneux"]
[Date "2017.05.25"]
[Round "3.2"]
[White "Suinot, Laurent"]
[Black "Forissier, Nicolas"]
[Result "0-1"]
[WhiteElo "1623"]
[BlackElo "1985"]
[Annotator "Rivier,Sylvain"]
[PlyCount "72"]
[EventDate "2017.??.??"]
[WhiteTeam "Villepreux "]
[BlackTeam "La Dame Noire"]

{Défense Benoni} 1. c4 Nf6 2. Nc3 g6 3. e3 Bg7 4. g3 c5 5. d4 cxd4 6. exd4 d5
7. cxd5 Nxd5 8. Bg2 Be6 9. Nge2 Nc6 10. O-O O-O 11. a3 Qd7 12. Be3 Nxe3 13.
fxe3 Bh3 14. Qd2 Bxg2 15. Kxg2 Na5 16. Qd3 Rac8 17. Rfd1 Nc4 18. Rab1 Rfd8 19.
a4 e5 20. b3 Nb6 21. Rd2 exd4 22. Nxd4 Bxd4 23. exd4 Qc6+ 24. Ne4 f5 25. Re1
fxe4 26. Qxe4 Qxe4+ 27. Rxe4 Nd5 28. Kf3 Rc3+ 29. Ke2 Rxb3 30. Re5 Nc3+ 31. Kf2
Rf8+ 32. Kg2 Nxa4 33. Ra5 Nb6 34. Rxa7 Nd5 35. Ra5 Rf5 36. Ra4 Ne3+ 0-1

[Event "21e tournoi 1hKO"]
[Site "Montigny le Bretonneux"]
[Date "2017.05.25"]
[Round "3.3"]
[White "Couradin, Bruno"]
[Black "Delpech, Olivier"]
[Result "1-0"]
[WhiteElo "1550"]
[BlackElo "1660"]
[Annotator "Rivier,Sylvain"]
[PlyCount "83"]
[EventDate "2017.??.??"]
[WhiteTeam "La Dame Noire"]
[BlackTeam "La Dame Noire"]

{Défense sicilienne, variante Rossolimo} 1. e4 c5 2. Bc4 e6 3. Nc3 Nc6 4. Nf3
g6 5. d4 cxd4 6. Nxd4 Bg7 7. Be3 Nf6 8. Ndb5 O-O 9. Bc5 Ne7 10. Qd6 Re8 11. Nc7
b6 12. Ba3 Bf8 13. Nxa8 Nc6 14. Qc7 Bxa3 15. Qxd8 Rxd8 16. bxa3 Nd4 17. O-O-O
e5 18. Nc7 Bb7 19. N7b5 Rc8 20. Bd3 Ng4 21. Rd2 Ne6 22. Nd5 Bxd5 23. exd5 Nc5
24. Nd6 Rc7 25. Ne4 Nxd3+ 26. Rxd3 f5 27. Rc3 Rxc3 28. Nxc3 Nxf2 29. Re1 e4 30.
h3 Kf7 31. Kd2 f4 32. Nxe4 Nxe4+ 33. Rxe4 g5 34. d6 Kf6 35. Kd3 h6 36. Kd4 Kf5
37. Re7 h5 38. Rxd7 g4 39. hxg4+ hxg4 40. Rg7 f3 41. gxf3 gxf3 42. d7 1-0

[Event "21e tournoi 1hKO"]
[Site "Montigny le Bretonneux"]
[Date "2017.05.25"]
[Round "3.4"]
[White "Talvard, Gerard"]
[Black "Couradin, Jean-Marie"]
[Result "1-0"]
[WhiteElo "2002"]
[BlackElo "1624"]
[Annotator "Rivier,Sylvain"]
[PlyCount "69"]
[EventDate "2017.??.??"]
[WhiteTeam "Echiquier Grenoblois"]
[BlackTeam "La Dame Noire"]

{Début Reti, système Barcza} 1. Nf3 Nf6 2. g3 d5 3. Bg2 Bf5 4. c4 e6 5. Qb3
Qc8 6. Nc3 c6 7. d3 Bd6 8. Nd4 Bg6 9. cxd5 exd5 10. O-O Nbd7 11. Bg5 O-O 12.
Bxf6 Nxf6 13. e4 Rb8 14. exd5 Bxd3 15. Rfd1 c5 16. Ncb5 Bxb5 17. Nxb5 Qd7 18.
Rac1 a6 19. Nxd6 Qxd6 20. Qc4 Nd7 21. a4 b5 22. axb5 axb5 23. Qc2 Rfe8 24. Re1
c4 25. Qc3 Ne5 26. Rcd1 Nd3 27. Rxe8+ Rxe8 28. Qd4 Re2 29. Bf1 Re1 30. Rxe1
Nxe1 31. Qe4 Nd3 32. Bxd3 cxd3 33. Qxd3 b4 34. Qc4 Kf8 35. h4 1-0

[Event "21e tournoi 1hKO"]
[Site "Montigny le Bretonneux"]
[Date "2017.05.25"]
[Round "3.5"]
[White "Sondermeijer, Damien"]
[Black "Benbakir, Chouaib"]
[Result "0-1"]
[WhiteElo "1297"]
[BlackElo "1809"]
[Annotator "Rivier,Sylvain"]
[PlyCount "74"]
[EventDate "2017.??.??"]
[WhiteTeam "La Dame Noire"]
[BlackTeam "La Dame Noire"]

{Défense est-indienne, variante du fianchetto} 1. Nf3 Nf6 2. g3 g6 3. Bg2 Bg7
4. c4 O-O 5. d4 d6 6. O-O Nc6 7. Nc3 e5 8. e3 exd4 9. exd4 h6 10. Re1 Bg4 11.
Qd3 Bf5 12. Qd1 Nb4 13. Re2 c6 14. a3 Na6 15. Bd2 Bd3 16. Re1 Bxc4 17. Ne4 Bd5
18. Nxf6+ Qxf6 19. Be3 Nc7 20. Qd2 Bxf3 21. Bxf3 Qxf3 22. Bxh6 Rfe8 23. Bxg7
Kxg7 24. Qb4 Nb5 25. a4 a5 26. Qc4 Nc7 27. b4 Qd5 28. Qc3 axb4 29. Qxb4 Rxe1+
30. Rxe1 Ne6 31. Rd1 c5 32. Qb5 Nxd4 33. Qd7 Ne2+ 34. Kf1 Qxd1+ 35. Kg2 Qd5+
36. Kf1 Nd4 37. Qg4 Qh1# 0-1

[Event "21e tournoi 1hKO"]
[Site "Montigny le Bretonneux"]
[Date "2017.05.25"]
[Round "3.6"]
[White "Artieres, Michel"]
[Black "Marchal, Gregory"]
[Result "1-0"]
[WhiteElo "1753"]
[BlackElo "1500"]
[Annotator "Rivier,Sylvain"]
[PlyCount "53"]
[EventDate "2017.??.??"]
[WhiteTeam "La Dame Noire"]
[BlackTeam "Club d'Echecs du Vesinet"]

{Défense française, variante Tarrasch fermée} 1. e4 e6 2. d4 d5 3. Nd2 Nf6
4. Bd3 c5 5. exd5 Nxd5 6. Ngf3 Nf4 7. Bb5+ Nc6 8. Bxc6+ bxc6 9. O-O cxd4 10.
Nb3 Nd5 11. Qxd4 Qb6 12. c3 Ba6 13. Re1 Qxd4 14. Nfxd4 c5 15. Nxe6 fxe6 16.
Rxe6+ Kf7 17. Rxa6 Nb6 18. Be3 Nd7 19. Rd1 Ne5 20. f4 Nc4 21. Bxc5 Bxc5+ 22.
Nxc5 Rhd8 23. Rxd8 Rxd8 24. Rxa7+ Kg6 25. Rd7 Re8 26. b3 Nb6 27. Rd6+ 1-0

[Event "21e tournoi 1hKO"]
[Site "Montigny le Bretonneux"]
[Date "2017.05.25"]
[Round "3.7"]
[White "Trevisiol, Thierry"]
[Black "Sagon, Lancelot"]
[Result "1-0"]
[WhiteElo "1611"]
[BlackElo "1449"]
[Annotator "Rivier,Sylvain"]
[PlyCount "121"]
[EventDate "2017.??.??"]
[WhiteTeam "Maubuee-Gondoire Echecs"]
[BlackTeam "La Dame Noire"]

{Ouverture irrégulière} 1. b4 e5 2. Bb2 d6 3. e3 Nf6 4. c4 Be6 5. Nf3 Be7 6.
Nc3 O-O 7. Be2 Nbd7 8. Qc2 Nb6 9. d3 Bg4 10. Rd1 Re8 11. d4 Bxf3 12. gxf3 Qc8
13. dxe5 dxe5 14. c5 Nbd7 15. Bd3 Nf8 16. Bf5 Ne6 17. Ne4 Rd8 18. Bxe5 Nxe4 19.
Rxd8+ Qxd8 20. Qxe4 Ng5 21. Qg4 Qd5 22. Bxc7 Nxf3+ 23. Ke2 Ne5 24. Bxe5 Qxe5
25. Qe4 Qb2+ 26. Kf3 Qf6 27. Ke2 Qb2+ 28. Kf1 Bf6 29. Bxh7+ Kh8 30. Qb1 Qd2 31.
Be4 Bh4 32. Qe1 Qxa2 33. Rg1 Rd8 34. Rg4 g5 35. Bf3 Rd2 36. Be2 Rb2 37. Rd4 Kg8
38. Rd8+ Kh7 39. Bd3+ Kh6 40. Rh8+ Kg7 41. Qc3+ f6 42. Rh7+ Kg8 43. Bc4+ Kxh7
44. Bxa2 Rxf2+ 45. Kg1 Rxa2 46. Qxf6 Re2 47. Qf7+ Kh6 48. Qxb7 Rxe3 49. c6 Re1+
50. Kg2 Re2+ 51. Kf3 Rf2+ 52. Ke4 Rxh2 53. c7 Rc2 54. c8=Q Rxc8 55. Qxc8 Bf2
56. Kf5 Kg7 57. Kxg5 Bb6 58. Kf5 Kf7 59. Qe6+ Kf8 60. Kg6 a5 61. Qf7# 1-0

[Event "21e tournoi 1hKO"]
[Site "Montigny le Bretonneux"]
[Date "2017.05.25"]
[Round "3.8"]
[White "Branson, James"]
[Black "Colette, Thierry"]
[Result "1-0"]
[WhiteElo "1564"]
[BlackElo "1371"]
[Annotator "Rivier,Sylvain"]
[PlyCount "52"]
[EventDate "2017.??.??"]
[WhiteTeam "La Dame Noire"]
[BlackTeam "La Dame Noire"]

{Gambit du roi} 1. e4 e5 2. f4 d6 3. Nf3 Nc6 4. Bc4 h6 5. O-O Nf6 6. d3 Bg4 7.
c3 Be7 8. h3 Be6 9. Bxe6 fxe6 10. Qb3 Qc8 11. fxe5 dxe5 12. Be3 Rb8 13. Nbd2
O-O 14. d4 Bd6 15. d5 Nd8 16. Bxa7 Ra8 17. Be3 exd5 18. exd5 Kh8 19. c4 b6 20.
Qd3 Nf7 21. Nh4 Kg8 22. Ne4 Nxe4 23. Qxe4 Bc5 24. Bxc5 bxc5 25. Qg6 Qa6 26. Qh5
Rad8 {suite illisible} 1-0

[Event "21e tournoi 1hKO"]
[Site "Montigny le Bretonneux"]
[Date "2017.05.25"]
[Round "3.9"]
[White "Sondermeijer, Antoine"]
[Black "Charron, Thomas"]
[Result "0-1"]
[WhiteElo "1399"]
[BlackElo "1550"]
[Annotator "Rivier,Sylvain"]
[PlyCount "90"]
[EventDate "2017.??.??"]
[WhiteTeam "La Dame Noire"]
[BlackTeam "Club d'Echecs du Vesinet"]

{Ouverture anglaise, variante néo catalane refusée} 1. c4 Nf6 2. Nf3 e6 3. g3
Be7 4. Bg2 O-O 5. O-O c6 6. d3 d5 7. b3 Nbd7 8. Bb2 Qb6 9. Qc2 c5 10. cxd5 Nxd5
11. a3 N7f6 12. Nbd2 Qc7 13. Ng5 h6 14. Nge4 Ng4 15. Rfc1 b6 16. b4 Bb7 17. h3
f5 18. hxg4 fxe4 19. Nxe4 Bg5 20. Nxg5 hxg5 21. Qd2 Qe7 22. e4 Nc7 23. bxc5
bxc5 24. a4 Rf7 25. Ba3 Na6 26. Qe3 Rc8 27. d4 cxd4 28. Rxc8+ Bxc8 29. Qxd4 Qe8
30. Rd1 Rd7 31. Qa1 e5 32. Bd6 Qe6 33. f3 Rxd6 34. Rc1 Kf7 35. Bf1 Nb4 36. Rc7+
Kf8 37. Bc4 Rd1+ 38. Qxd1 Qb6+ 39. Kg2 Qxc7 40. Bb3 Ba6 41. Qd2 Qe7 42. Qc3 Qd6
43. Qc1 Qe7 44. Qc3 Qd6 45. Qe3 Qe7 {suite illisible} 0-1

[Event "21e tournoi 1hKO"]
[Site "Montigny le Bretonneux"]
[Date "2017.05.25"]
[Round "3.10"]
[White "Le Doussal, Steven"]
[Black "Rivier, Sylvain"]
[Result "0-1"]
[WhiteElo "1353"]
[BlackElo "1532"]
[Annotator "Rivier,Sylvain"]
[PlyCount "84"]
[EventDate "2017.??.??"]
[WhiteTeam "La Dame Noire"]
[BlackTeam "La Dame Noire"]

{Défense française, variante d'avance} 1. d4 e6 2. e4 d5 3. e5 c5 4. c3 Nc6
5. Nf3 Nge7 6. Nbd2 cxd4 7. cxd4 Bd7 8. Bb5 Nxe5 9. Bxd7+ Nxd7 10. O-O Nf5 11.
Qa4 Be7 12. Ne5 Bd6 13. Qxd7+ Qxd7 14. Nxd7 Kxd7 15. Nf3 Rac8 16. Bd2 Rc2 17.
Bc3 Rc8 18. Rfd1 Re2 19. Ng5 f6 20. Nh3 b6 21. Kf1 Re4 22. g3 a5 23. a4 Rc4 24.
f3 Ne3+ 25. Kg1 Nxd1 26. fxe4 Nxc3 27. bxc3 Rxc3 28. exd5 exd5 29. Kf2 Rd3 30.
Ng1 Rxd4 31. Nf3 Rc4 32. Rd1 Bc5+ 33. Ke2 Kd6 34. Kf1 Rxa4 35. Nh4 g6 36. Nf3
Ra2 37. Nd2 a4 38. h3 Bd4 39. Nc4+ Kc5 40. Nxb6 Ra1 41. Rxa1 Bxa1 42. Nxa4+ Kb5
0-1

[Event "21e tournoi 1hKO"]
[Site "Montigny le Bretonneux"]
[Date "2017.05.25"]
[Round "3.11"]
[White "Fasquelle, Cedric"]
[Black "Tanchoux, Pierre"]
[Result "1/2-1/2"]
[WhiteElo "1517"]
[BlackElo "1274"]
[Annotator "Rivier,Sylvain"]
[PlyCount "122"]
[EventDate "2017.??.??"]
[WhiteTeam "Saint-Quentin en Yvelines"]
[BlackTeam "La Dame Noire"]

{Défense sicilienne, variante Scheveningue} 1. e4 c5 2. Nf3 d6 3. d4 cxd4 4.
Nxd4 Nf6 5. Nc3 a6 6. f3 e6 7. Be3 Qc7 8. Bd3 Nc6 9. Qd2 Nxd4 10. Bxd4 e5 11.
Be3 b5 12. Bg5 Be7 13. Bxf6 Bxf6 14. Nd5 Qd8 15. Qc3 Bb7 16. Nc7+ Kd7 17. Nxa8
Qxa8 18. O-O Rc8 19. Qb3 Ke7 20. a4 d5 21. axb5 a5 22. Qa3+ Ke8 23. Qxa5 Qxa5
24. Rxa5 dxe4 25. fxe4 Bd8 26. Ra7 Bb6+ 27. Kh1 Bxa7 28. h3 Rd8 29. g4 g6 30.
Kh2 Ke7 31. Kg3 h6 32. h4 Bd4 33. b3 Be3 34. Ra1 Bf4+ 35. Kf3 f5 36. gxf5 gxf5
37. Ra7 Rd7 38. b6 Kd6 39. b4 Kc6 40. Ba6 fxe4+ 41. Kxe4 Kxb6+ 42. Rxb7+ Rxb7
43. Bxb7 Kxb7 44. h5 Kc6 45. c4 Bh2 46. Kf5 Kd6 47. Ke4 Bg1 48. c5+ Ke6 49. c6
Bb6 50. b5 Kf6 51. Kd5 Bc7 52. Kc5 Ke7 53. b6 Kd8 54. bxc7+ Kxc7 55. Kd5 e4 56.
Kxe4 Kxc6 57. Kf5 Kd7 58. Kg6 Ke7 59. Kxh6 Kf7 60. Kg5 Kg7 61. h6+ Kh7 1/2-1/2

[Event "21e tournoi 1hKO"]
[Site "Montigny le Bretonneux"]
[Date "2017.05.25"]
[Round "3.12"]
[White "Carbonero, Jean Marc"]
[Black "Montay, Jean-Paul"]
[Result "0-1"]
[WhiteElo "1136"]
[BlackElo "1343"]
[Annotator "Rivier,Sylvain"]
[PlyCount "91"]
[EventDate "2017.??.??"]
[WhiteTeam "Saint-Quentin en Yvelines"]
[BlackTeam "La Dame Noire"]

{Défense sicilienne, variante Rossolimo} 1. e4 c5 2. Nc3 e6 3. Bc4 a6 4. Nf3
Nc6 5. O-O Qc7 6. Re1 b5 7. Be2 Be7 8. b3 Nf6 9. a4 b4 10. Na2 O-O 11. d3 d5
12. Nd2 Rd8 13. exd5 exd5 14. c3 a5 15. d4 bxc3 16. Nxc3 Nxd4 17. Nb5 Qc6 18.
Nxd4 cxd4 19. Bb2 Bc5 20. Rc1 Qb6 21. Bb5 d3 22. Qf3 Bg4 23. Qg3 Bf5 24. Bxf6
Qxf6 25. Bxd3 Bd6 26. f4 Bxd3 27. Qxd3 Qxf4 28. Nf3 Bb4 29. Rf1 Qe4 30. Qd1 d4
31. Rc4 Qe3+ 32. Rf2 d3 33. Nd2 Re8 34. Nf3 Rad8 35. Rc1 d2 36. Nxd2 Rxd2 37.
Qf1 Rxf2 38. Qxf2 Qxf2+ 39. Kxf2 h6 40. Kf3 Rb8 41. Kg4 Bd2 42. Rb1 Bb4 43. Kf4
Bd6+ 44. Ke4 Bxh2 45. Kd4 Kf8 46. Rb2 0-1

[Event "21e tournoi 1hKO"]
[Site "Montigny le Bretonneux"]
[Date "2017.05.25"]
[Round "3.13"]
[White "Privat, Jean-Claude"]
[Black "Benbakir, Ameur"]
[Result "1-0"]
[WhiteElo "1633"]
[BlackElo "1486"]
[Annotator "Rivier,Sylvain"]
[PlyCount "81"]
[EventDate "2017.??.??"]
[WhiteTeam "La Dame Noire"]
[BlackTeam "La Dame Noire"]

{Défense est-indienne, variante Taïmanov} 1. d4 Nf6 2. c4 g6 3. Nc3 Bg7 4. e4
d6 5. Nf3 O-O 6. Be2 Nc6 7. O-O e5 8. d5 Ne7 9. Ne1 Nd7 10. Nd3 f5 11. Bd2 f4
12. Bg4 h5 13. Be6+ Kh7 14. b4 Nf6 15. Bxc8 Rxc8 16. f3 g5 17. Be1 g4 18. Bh4
gxf3 19. Qxf3 Kh6 20. c5 Ng4 21. h3 Ne3 22. Rfc1 Rg8 23. Nxf4 exf4 24. Qxf4+
Kh7 25. Qxe3 Bh6 26. Qd3 Bxc1 27. e5+ Rg6 28. Rxc1 Qf8 29. Rf1 Qg7 30. e6 Rf8
31. Rxf8 Qxf8 32. Bxe7 Qxe7 33. Qf5 Qg5 34. Qxg5 Rxg5 35. Ne4 Re5 36. cxd6 cxd6
37. Nxd6 Rxd5 38. e7 Re5 39. e8=Q Rxe8 40. Nxe8 Kg6 41. Nd6 1-0

[Event "21e tournoi 1hKO"]
[Site "Montigny le Bretonneux"]
[Date "2017.05.25"]
[Round "3.14"]
[White "Vo, Bao Nam"]
[Black "Bouloc, Roger"]
[Result "0-1"]
[WhiteElo "1110"]
[BlackElo "1446"]
[Annotator "Rivier,Sylvain"]
[PlyCount "52"]
[EventDate "2017.??.??"]
[WhiteTeam "La Dame Noire"]
[BlackTeam "La Dame Noire"]

{Défense scandinave} 1. e4 d5 2. d3 dxe4 3. Nc3 exd3 4. Bxd3 e5 5. Bb5+ Bd7 6.
Nf3 Bd6 7. O-O Nf6 8. Re1 Nc6 9. Bg5 O-O 10. Nd5 a6 11. Bxc6 Bxc6 12. Nxf6+
gxf6 13. Bh6 Re8 14. c4 Bc5 15. Qe2 Kh8 16. Rad1 Qc8 17. Nh4 Rg8 18. Qh5 Qe6
19. b3 Rg4 20. g3 Rag8 21. Nf5 Bf3 22. Rd3 Rxg3+ 23. hxg3 Bxh5 24. Ne3 Qh3 25.
Re2 Bf3 26. Red2 Qh1# 0-1

[Event "21e tournoi 1hKO"]
[Site "Montigny le Bretonneux"]
[Date "2017.05.25"]
[Round "3.15"]
[White "Marchal, Madeleine"]
[Black "Payot, Guillaume"]
[Result "0-1"]
[WhiteElo "1070"]
[BlackElo "1273"]
[Annotator "Rivier,Sylvain"]
[PlyCount "52"]
[EventDate "2017.??.??"]
[WhiteTeam "Club d'Echecs du Vesinet"]
[BlackTeam "La Dame Noire"]

{Défense française, variante d'avance} 1. e4 e6 2. d4 d5 3. e5 f6 4. exf6
Nxf6 5. Bg5 Nc6 6. Nc3 Bb4 7. a3 Bxc3+ 8. bxc3 h6 9. Bxf6 Qxf6 10. Qh5+ g6 11.
Qg4 e5 12. Qg3 Bf5 13. Qe3 O-O-O 14. Qc1 exd4 15. cxd4 Rhe8+ 16. Ne2 Bg4 17.
Qxh6 Qe6 18. Qd2 Nxd4 19. Kd1 Bxe2+ 20. Bxe2 Nxe2 21. c3 Qe5 22. Ra2 d4 23.
Qxe2 dxc3+ 24. Ke1 c2 25. Rxc2 Qa1+ 26. Rc1 Qxc1# 0-1